|
|
|
|
| LEADER |
00000nam a2200000 a 4500 |
| 001 |
UCX3875 |
| 003 |
CL-VaPUC |
| 008 |
920115e19770000MX |||||||||||||||||spa|d |
| 082 |
0 |
4 |
|a 658
|b HIC
|2 21
|
| 100 |
|
|
|a Hicks, Herbert G
|e author
|9 468352
|
| 245 |
1 |
0 |
|a Administración de organizaciones: desde un punto de vista de sistemas y recursos humanos
|
| 300 |
|
|
|a 587 p
|
| 942 |
|
|
|c BK
|
| 945 |
|
|
|d 19920115 00:00:00
|
| 260 |
|
|
|a Ciudad de México
|b C.E.C.S.A
|c 1977
|
| 650 |
|
0 |
|a Organización
|9 256369
|
| 650 |
|
0 |
|a Administración
|9 259325
|
| 583 |
|
|
|a last modification
|c 19920115 00:00:00
|k Rodrigo Vera
|
| 999 |
|
|
|c 224506
|d 224504
|
| 952 |
|
|
|0 0
|1 0
|4 0
|6 658_000000000000000_HIC_1977
|7 0
|8 P
|9 221197
|a BIBENE
|b BIBENE
|d 2019-11-15
|i 1946587
|o 658 HIC 1977
|p 1946587
|r 2025-01-15
|w 2019-11-15
|y BK
|k ICO
|